Canadian Islands on the Map - Statistics

General Stats
  • This quiz has been taken 20,087 times
  • The average score is 6 of 11
Answers on the Map
Answers color-coded by a green-red scale on the quiz's map according to % correct below.
 
Answer Stats
Island % Correct
Newfoundland
91%
Baffin Island
86%
Prince Edward Island
86%
Vancouver Island
82%
Victoria Island
60%
Ellesmere Island
54%
Banks Island
29%
Cape Breton Island
28%
Devon Island
20%
Anticosti Island
18%
Axel Heiberg Island
12%
No matching quizzes found
Score Distribution
Percent of People with Each Score
Percentile by Number Answered
Your Score History
You have not taken this quiz